00768nam a2200205 i 4500001000700000003000900007005001700016007000300033008004100036100003100077245006800108260005000176300002200226490003000248600007200278830003800350852003300388999001900421952012200440141894ES-MaACL20250702020223.0t|071001s1986 xxk ||||1| eng d1 aWilliams, Bernard.911691310aDescartes b: the project of pure enquiry / cBernard Williams. aHarmondsworth, Middlesex : bPenguin, c1986. a319 p. ; c20 cm.1 aPelican books. Philosophy14aDescartes, René,d1846-1881-xCrítica e interpretación9438390 aPelican books. Philosophy9220450 aES-MaACLjL-10990 bR.112801 c141894d141894 00104070aATENEOMbATENEOMcDEPO2d2008-01-17eSCl0oL-10990p1147644r2023-02-23 00:00:00w2023-02-23yMONOGRAFIA